000 00344nam a2200133Ia 4500
008 240624s9999 xx 000 0 und d
041 _aeng
082 _a658.8 HAR
100 _aHARRELL GILBERT D
245 _aMARKETING CONNECTING WITH CUSTOMERS
260 _c2004
_aUSA
_bPearson Education
300 _axx, : 591 : p. : cm. ; 29
365 _cRS
999 _c1403
_d1403